The Arts of Spain /

Guardado en:
Detalles Bibliográficos
Autor principal: Gudiol, Josep (autor)
Formato: Libro
Idioma:Inglés
Publicado: Londres, Inglaterra : Thames and Hudson, 1964, c1964
Colección:(The World of Art Library. General)
Temas:
Etiquetas: Agrega una etiqueta
Sin etiquetas, Sé el primero en etiquetar este registro!

MARC

LEADER 00000nam^a2200000^a^4500
001 000618851
005 20250820000000.0
009 20260310133808.972
037 |a Acervo ITESO - Biblioteca 
041 |a ING 
082 |a 709. 46  |b GUD 
100 |a Gudiol, Josep  |e (autor) 
245 1 4 |a The Arts of Spain /  |c J. Gudiol. 
264 4 |a Londres, Inglaterra :  |b Thames and Hudson,  |c 1964, c1964 
300 |a 318 p. 
336 |a texto  |b txt  |2 rdacontenido 
337 |a sin mediación  |b n  |2 rdamedio 
338 |a volumen  |b nc  |2 rdasoporte 
440 5 |a (The World of Art Library.  |p General) 
649 |a XX 
650 |a Arquitectura Española -  |x Historia y Crítica 
650 |a Pintura Española -  |x Historia y Crítica 
650 |a Escultura Española -  |x Historia y Crítica 
650 |a Arte Mozárabe -  |x Historia y Crítica 
650 |a Arte Mudéjar -  |x Historia y Crítica 
650 |a Arte Español -  |x Historia y Crítica -  |x Tema Principal 
650 |a Arte -  |x Historia y Crítica 
650 |a España -  |x Historia 
910 |a Fondo Castillo-Martínez 
920 |a Impresos - Libros 
930 |a Fondos Especiales 
905 |a 127 
901 |a 618851-10  |b IT2  |c ESP  |i D129397  |u 20250820 
902 |a https://opac.biblio.iteso.mx/vufind/Record/000618851